[Event "Pecs Karmin Cup 3rd"]
[Site "Pecs"]
[Date "2010.06.26"]
[Round "9"]
[White "Irmos, Laszlo"]
[Black "Gerecs, Istvan"]
[Result "1-0"]
[WhiteElo "1845"]
[BlackElo "1909"]
[PlyCount "53"]
[EventDate "2010.06.18"]
[EventType "swiss"]
[EventRounds "9"]
[EventCountry "HUN"]
[SourceTitle "CBM 137 Extra"]
[Source "ChessBase"]
[SourceDate "2010.09.01"]
[SourceVersion "1"]
[SourceVersionDate "2010.09.01"]
[SourceQuality "1"]

1. Nf3 Nf6 2. c4 e6 3. d4 Bb4+ 4. Bd2 Qe7 5. a3 Bxd2+ 6. Nbxd2 d5 7. e3 0-0 8. Bd3 b6 9. Rc1 Ba6 10. Bb1 c5 11. 0-0 Nbd7 12. Re1 dxc4 13. Nxc4 Rfc8 14. Qa4 Bb7 15. Nfe5 a6 16. Nxd7 Nxd7 17. Qc2 Nf8 18. dxc5 Rxc5 19. Qd2 Rd8 20. Qe2 Rdc8 21. b4 Qg5 22. f4 Rxc4 23. Rxc4 Qd5 24. Rxc8 Bxc8 25. Qd3 Qc6 26. Qc2 Qd7 27. Rd1 1-0